ბათუმის შოთა რუსთაველის სახელმწიფო უნივერსიტეტის ბიბლიოთეკა

First Aid Radiology for the Wards : (ბიბ.ჩანაწერი № 61792)

000 -LEADER
fixed length control field 00589nam a22001697a 4500
005 - DATE AND TIME OF LATEST TRANSACTION
control field 20240513130851.0
008 - FIXED-LENGTH DATA ELEMENTS--GENERAL INFORMATION
fixed length control field 240513s2008 enk||||| |||| 00| 0 eng d
020 ## - INTERNATIONAL STANDARD BOOK NUMBER
International Standard Book Number 9780071381017x
041 ## - LANGUAGE CODE
Language code of text/sound track or separate title eng
080 ## - UNIVERSAL DECIMAL CLASSIFICATION NUMBER
Universal Decimal Classification number 615.849 F-56
245 ## - TITLE STATEMENT
Title First Aid Radiology for the Wards :
Statement of responsibility, etc. Latha Ganti, Kaufman, S. Matthew, Stead, S. Matthew.
264 ## - PRODUCTION, PUBLICATION, DISTRIBUTION, MANUFACTURE, AND COPYRIGHT NOTICE
Place of production, publication, distribution, manufacture New York :
Name of producer, publisher, distributor, manufacturer McGraw Hill / Medical,
Date of production, publication, distribution, manufacture, or copyright notice 2008.
700 ## - ADDED ENTRY--PERSONAL NAME
Personal name Ganti, Latha
Relator term ავტორი
9 (RLIN) 21735
700 ## - ADDED ENTRY--PERSONAL NAME
Personal name Kaufman, Matthew S.
Relator term ავტორი
9 (RLIN) 22072
700 ## - ADDED ENTRY--PERSONAL NAME
Personal name Stead, S. Matthew
Relator term ავტორი
9 (RLIN) 22073
942 ## - ADDED ENTRY ELEMENTS (KOHA)
Source of classification or shelving scheme
Koha item type წიგნი
ეგზემპლარები
Withdrawn status Lost status Source of classification or shelving scheme Damaged status Not for loan Permanent Location Current Location Shelving location Date acquired Cost, normal purchase price Full call number Barcode Date last seen Copy number Price effective from Koha item type
          ბათუმის შოთა რუსთაველის სახელმწიფო უნივერსიტეტის მთავარი ბიბლიოთეკა ბათუმის შოთა რუსთაველის სახელმწიფო უნივერსიტეტის მთავარი ბიბლიოთეკა წიგნსაცავი 2024-05-13 74.70 615.849 F-56 67959 2024-05-13 67959 2024-05-13 წიგნი